Landscape Approach For Urban Agricultural Lands in Pune (Record no. 363662)

MARC details
000 -LEADER
fixed length control field 00346nam a2200121Ia 4500
008 - FIXED-LENGTH DATA ELEMENTS--GENERAL INFORMATION
fixed length control field 250110s9999 xx 000 0 und d
041 ## - LANGUAGE CODE
Language code of text/sound track or separate title eng
100 ## - MAIN ENTRY--PERSONAL NAME
Personal name Inamdar Saudamini
245 ## - TITLE STATEMENT
Title Landscape Approach For Urban Agricultural Lands in Pune
260 ## - PUBLICATION, DISTRIBUTION, ETC. (IMPRINT)
Name of publisher, distributor, etc. M Arch Landscape BNCA, Pune
Date of publication, distribution, etc. 2015
300 ## - PHYSICAL DESCRIPTION
Extent 92p
700 ## - ADDED ENTRY--PERSONAL NAME
Personal name Guide Name:BNCA
9 (RLIN) 210470
Holdings
Withdrawn status Lost status Damaged status Not for loan Home library Current library Date acquired Total Checkouts Barcode Date last seen Bill Date Koha item type Original Barcode
        Dr. Bhanuben Nanavati College of Architecture Dr. Bhanuben Nanavati College of Architecture 06/05/2015   BNCA-PR-1162 10/01/2025 10/01/2025 Project Reports PR1162